[Event "Charlesbourg Alekhine op"]
[Site "Charlesbourg CAN"]
[Date "2009.10.07"]
[Round "5"]
[White "Beaudoin, Stephane"]
[Black "Laflamme, Simon"]
[Result "1/2-1/2"]
[WhiteElo "2118"]
[BlackElo "1886"]
[PlyCount "92"]
[GameId "2160767910092818"]
[EventDate "2009.09.09"]
[EventType "swiss"]
[EventRounds "5"]
[EventCountry "CAN"]
[SourceTitle "EXT 2011"]
[Source "ChessBase"]
[SourceDate "2011.11.26"]
[SourceVersion "1"]
[SourceVersionDate "2011.11.26"]
[SourceQuality "1"]

1. Nf3 Nf6 2. g3 g6 3. Bg2 Bg7 4. O-O O-O 5. c4 d6 6. Nc3 e5 7. d3 Nc6 8. Rb1 a5 9. a3 Nd4 10. Nd2 Bh6 11. Nde4 Bxc1 12. Nxf6+ Qxf6 13. Rxc1 c6 14. e3 Ne6 15. h4 h5 16. b4 axb4 17. axb4 Bd7 18. Qe2 Ra3 19. Qb2 Rfa8 20. Ne4 Qe7 21. Ra1 Rxa1 22. Rxa1 Rxa1+ 23. Qxa1 f5 24. Nd2 Qd8 25. Qa7 Qc7 26. d4 e4 27. c5 d5 28. Nb3 Kg7 29. Qb6 Qxb6 30. cxb6 Kf6 31. Bf1 Ke7 32. Nc5 Nxc5 33. bxc5 Bc8 34. Be2 Kf6 35. Kg2 Bd7 36. f3 exf3+ 37. Bxf3 Ke6 38. Be2 Ke7 39. Kf3 Kf6 40. Kf4 Bc8 41. Bf3 Be6 42. Bg2 Bd7 43. Bf1 Be6 44. Bd3 Bd7 45. Bf1 Be6 46. Be2 Bd7 1/2-1/2

[Event "Charlesbourg Alekhine op"]
[Site "Charlesbourg CAN"]
[Date "2009.10.07"]
[Round "5"]
[White "Caron, Sebastien"]
[Black "Chiffot, Nicolas"]
[Result "1-0"]
[WhiteElo "1996"]
[BlackElo "1992"]
[PlyCount "69"]
[GameId "2160767910092819"]
[EventDate "2009.09.09"]
[EventType "swiss"]
[EventRounds "5"]
[EventCountry "CAN"]
[SourceTitle "EXT 2011"]
[Source "ChessBase"]
[SourceDate "2011.11.26"]
[SourceVersion "1"]
[SourceVersionDate "2011.11.26"]
[SourceQuality "1"]

1. e4 c5 2. f4 d5 3. exd5 Qxd5 4. Nc3 Qd8 5. Nf3 Nf6 6. Bc4 e6 7. O-O Be7 8. Qe2 a6 9. a4 Nc6 10. d3 O-O 11. Kh1 Nd5 12. Ne4 Qc7 13. f5 exf5 14. Bxd5 fxe4 15. Qxe4 Nb4 16. Bb3 Nc6 17. Bg5 Bd6 18. Bh4 h6 19. Bg5 Nd4 20. Nxd4 cxd4 21. Bxh6 Qe7 22. Qg6 Be5 23. Bg5 Qd6 24. Bxf7+ Rxf7 25. Qxf7+ Kh7 26. Qh5+ Kg8 27. Rae1 Be6 28. Bd2 Bf6 29. Bf4 Qd7 30. Qe2 Bg4 31. Qe4 Rc8 32. Be5 Bxe5 33. Qxe5 Rxc2 34. h3 Qc6 35. Qe8+ 1-0

[Event "Charlesbourg Alekhine op"]
[Site "Charlesbourg CAN"]
[Date "2009.10.07"]
[Round "5"]
[White "Poliquin, Yvone"]
[Black "Lamontagne, Danny"]
[Result "0-1"]
[WhiteElo "1875"]
[BlackElo "1710"]
[PlyCount "66"]
[GameId "2160767910092820"]
[EventDate "2009.09.09"]
[EventType "swiss"]
[EventRounds "5"]
[EventCountry "CAN"]
[SourceTitle "EXT 2011"]
[Source "ChessBase"]
[SourceDate "2011.11.26"]
[SourceVersion "1"]
[SourceVersionDate "2011.11.26"]
[SourceQuality "1"]

1. e4 c5 2. Nf3 g6 3. d4 cxd4 4. Qxd4 Nf6 5. e5 Nc6 6. Qa4 Nd5 7. Qe4 Ndb4 8. Bb5 Bg7 9. a3 Na6 10. Nc3 Nc7 11. Bc4 b5 12. Ba2 Rb8 13. O-O Bb7 14. Qf4 Ne6 15. Qe3 b4 16. axb4 Nxb4 17. Bb3 O-O 18. Rd1 Bxf3 19. gxf3 Nc6 20. f4 Qc8 21. Bd5 Nb4 22. Bb3 Bh6 23. Qg3 Nc5 24. Rxa7 Rb7 25. Ra3 Nxb3 26. Rxb3 Nxc2 27. Rxb7 Qxb7 28. Qg4 Bg7 29. Qh3 Nb4 30. Qg2 Qc8 31. Qe4 Nc6 32. Nd5 d6 33. Qc4 Qg4+ 0-1

[Event "Charlesbourg Capablanca op"]
[Site "Charlesbourg CAN"]
[Date "2009.01.05"]
[Round "1"]
[White "Beaudoin, Stephane"]
[Black "Gagnon, Alain"]
[Result "1-0"]
[WhiteElo "2170"]
[BlackElo "1660"]
[PlyCount "67"]
[GameId "2160767910281770"]
[EventDate "2009.01.05"]
[EventType "swiss"]
[EventRounds "5"]
[EventCountry "CAN"]
[SourceTitle "EXT 2011"]
[Source "ChessBase"]
[SourceDate "2011.11.26"]
[SourceVersion "1"]
[SourceVersionDate "2011.11.26"]
[SourceQuality "1"]

1. e4 c5 2. Nf3 d6 3. d4 cxd4 4. Nxd4 Nf6 5. Nc3 a6 6. Bd3 Nc6 7. Nxc6 bxc6 8. O-O e5 9. f4 Ng4 10. Qf3 Be7 11. h3 Nf6 12. fxe5 dxe5 13. Be3 O-O 14. Na4 Rb8 15. b3 Qa5 16. Nb2 Be6 17. Qe2 Bc5 18. Bxc5 Qxc5+ 19. Kh2 Qd4 20. Na4 Rfd8 21. Rad1 a5 22. Qf3 Qa7 23. Qg3 Nd7 24. Rf3 Rf8 25. Be2 Qc7 26. Rfd3 Rbd8 27. Qg5 f6 28. Qd2 c5 29. Rd6 Kf7 30. Bc4 Bxc4 31. Rxd7+ Rxd7 32. Qxd7+ Qxd7 33. Rxd7+ Ke6 34. Nxc5# 1-0

[Event "Charlesbourg Capablanca op"]
[Site "Charlesbourg CAN"]
[Date "2009.01.05"]
[Round "1"]
[White "Chevalier, Philippe"]
[Black "Lessard, Claude"]
[Result "1-0"]
[WhiteElo "1657"]
[BlackElo "2055"]
[PlyCount "46"]
[GameId "2160767910281771"]
[EventDate "2009.01.05"]
[EventType "swiss"]
[EventRounds "5"]
[EventCountry "CAN"]
[SourceTitle "EXT 2011"]
[Source "ChessBase"]
[SourceDate "2011.11.26"]
[SourceVersion "1"]
[SourceVersionDate "2011.11.26"]
[SourceQuality "1"]

1. e4 c6 2. d4 d5 3. Nc3 dxe4 4. Nxe4 Nf6 5. Nxf6+ gxf6 6. Bc4 Bf5 7. Ne2 Nd7 8. Ng3 Bg6 9. f4 e6 10. Qe2 f5 11. h4 h5 12. Bd2 Be7 13. O-O-O Bxh4 14. Rh3 Bxg3 15. Rxg3 Nf6 16. Qe5 Rg8 17. d5 Nxd5 18. Bb4 a5 19. Rxd5 Qh4 20. Rxg6 Qh1+ 21. Rd1 Qxd1+ 22. Kxd1 O-O-O+ 23. Ke1 Rxg6 1-0

[Event "Charlesbourg Capablanca op"]
[Site "Charlesbourg CAN"]
[Date "2009.01.05"]
[Round "1"]
[White "Plante, Rejean"]
[Black "Skakni, Ismael"]
[Result "1/2-1/2"]
[WhiteElo "2049"]
[BlackElo "1584"]
[PlyCount "53"]
[GameId "2160767910281772"]
[EventDate "2009.01.05"]
[EventType "swiss"]
[EventRounds "5"]
[EventCountry "CAN"]
[SourceTitle "EXT 2011"]
[Source "ChessBase"]
[SourceDate "2011.11.26"]
[SourceVersion "1"]
[SourceVersionDate "2011.11.26"]
[SourceQuality "1"]

1. e4 Nc6 2. Nf3 e5 3. Bb5 Nf6 4. d3 d6 5. c3 Be7 6. Nbd2 a6 7. Ba4 b5 8. Bc2 Bb7 9. O-O Qd7 10. a4 O-O 11. Re1 Nd8 12. d4 Nc6 13. d5 Nd8 14. c4 c6 15. dxc6 Nxc6 16. axb5 axb5 17. Rxa8 Rxa8 18. cxb5 Nb4 19. Bb3 Qxb5 20. Ng5 d5 21. exd5 Bxd5 22. Bxd5 Qxd5 23. Nb3 Nd3 24. Rf1 e4 25. Nh3 Rb8 26. Nd2 Nxb2 27. Qc2 1/2-1/2

[Event "Charlesbourg Capablanca op"]
[Site "Charlesbourg CAN"]
[Date "2009.01.12"]
[Round "2"]
[White "Dube, Daniel"]
[Black "Beaudoin, Stephane"]
[Result "0-1"]
[WhiteElo "1748"]
[BlackElo "2173"]
[PlyCount "64"]
[GameId "2160767910281773"]
[EventDate "2009.01.05"]
[EventType "swiss"]
[EventRounds "5"]
[EventCountry "CAN"]
[SourceTitle "EXT 2011"]
[Source "ChessBase"]
[SourceDate "2011.11.26"]
[SourceVersion "1"]
[SourceVersionDate "2011.11.26"]
[SourceQuality "1"]

1. d4 Nf6 2. c4 e5 3. dxe5 Ng4 4. Nf3 Bc5 5. e3 Nc6 6. Nc3 Ngxe5 7. Be2 O-O 8. O-O Nxf3+ 9. Bxf3 Ne5 10. Be2 Re8 11. Qc2 d6 12. Na4 a5 13. Nxc5 dxc5 14. b3 Qh4 15. Bb2 Ra6 16. g3 Qh3 17. Qe4 Rh6 18. Qg2 Qxg2+ 19. Kxg2 Bh3+ 20. Kg1 Bxf1 21. Bxf1 Rd6 22. Kg2 Nd3 23. Bc3 b6 24. Rd1 Nf4+ 25. gxf4 Rxd1 26. Be2 Rc1 27. Be5 Re7 28. Bf3 f6 29. Bb2 Rc2 30. Bd5+ Kf8 31. Ba1 Rxa2 32. Bc3 Rxe3 0-1

[Event "Charlesbourg Capablanca op"]
[Site "Charlesbourg CAN"]
[Date "2009.01.19"]
[Round "3"]
[White "Beaudoin, Stephane"]
[Black "Chiffot, Nicolas"]
[Result "1-0"]
[WhiteElo "2180"]
[BlackElo "1854"]
[PlyCount "59"]
[GameId "2160767910281774"]
[EventDate "2009.01.05"]
[EventType "swiss"]
[EventRounds "5"]
[EventCountry "CAN"]
[SourceTitle "EXT 2011"]
[Source "ChessBase"]
[SourceDate "2011.11.26"]
[SourceVersion "1"]
[SourceVersionDate "2011.11.26"]
[SourceQuality "1"]

1. e4 c5 2. Nf3 e6 3. d4 cxd4 4. Nxd4 Nc6 5. Nxc6 bxc6 6. Bd3 d5 7. Qe2 Nf6 8. e5 Nd7 9. O-O c5 10. c4 d4 11. Bf4 Rb8 12. b3 Bb7 13. Nd2 g5 14. Bg3 h5 15. h3 Qc7 16. Be4 h4 17. Bh2 Bg7 18. Bxb7 Rxb7 19. Rae1 Rb6 20. f4 gxf4 21. Bxf4 Ke7 22. Qg4 Rg8 23. Qxh4+ Kf8 24. Nf3 Rh8 25. Qg3 Bh6 26. Ng5 Bxg5 27. Bxg5 Rh5 28. Qf4 Rh7 29. Qe4 Rh5 30. Qg6 1-0

[Event "Charlesbourg Millenium"]
[Site "Charlesbourg CAN"]
[Date "2009.11.23"]
[Round "1"]
[White "Beaudoin, Stephane"]
[Black "Hebert, Marc"]
[Result "1/2-1/2"]
[WhiteElo "2137"]
[BlackElo "1674"]
[PlyCount "41"]
[GameId "2160767910030205"]
[EventDate "2009.11.23"]
[EventType "swiss"]
[EventRounds "5"]
[EventCountry "CAN"]
[SourceTitle "EXT 2011"]
[Source "ChessBase"]
[SourceDate "2011.11.26"]
[SourceVersion "1"]
[SourceVersionDate "2011.11.26"]
[SourceQuality "1"]

1. e4 e5 2. Bc4 Bc5 3. Nf3 Nc6 4. O-O Nf6 5. d4 Bxd4 6. c3 Bb6 7. b4 Qe7 8. Qc2 d6 9. a4 a5 10. b5 Nd8 11. Na3 Bg4 12. Be2 Ne6 13. Nc4 Bc5 14. Nh4 Bxe2 15. Qxe2 g6 16. g3 Nh5 17. Qg4 Nf6 18. Qf3 Nh5 19. Qg4 Nf6 20. Qf3 Nh5 21. Qg4 1/2-1/2

[Event "Charlesbourg Millenium"]
[Site "Charlesbourg CAN"]
[Date "2009.11.23"]
[Round "1"]
[White "Cite, Jocelyn"]
[Black "Fecteau, Martin"]
[Result "0-1"]
[WhiteElo "1642"]
[BlackElo "2048"]
[PlyCount "70"]
[GameId "2160767910030206"]
[EventDate "2009.11.23"]
[EventType "swiss"]
[EventRounds "5"]
[EventCountry "CAN"]
[SourceTitle "EXT 2011"]
[Source "ChessBase"]
[SourceDate "2011.11.26"]
[SourceVersion "1"]
[SourceVersionDate "2011.11.26"]
[SourceQuality "1"]

1. e4 c5 2. Nf3 Nc6 3. d3 g6 4. g3 Bg7 5. Bg2 d6 6. O-O Rb8 7. Nbd2 b5 8. Nh4 e6 9. f4 Qb6 10. Kh1 Nge7 11. c3 O-O 12. Rf2 a5 13. Qf1 Qc7 14. g4 f5 15. h3 b4 16. c4 Nd4 17. Rb1 Bf6 18. Nhf3 Bd7 19. Nxd4 Bxd4 20. Re2 Nc6 21. Nf3 Bg7 22. b3 Rbe8 23. Bb2 Bxb2 24. Rbxb2 fxg4 25. Nh2 gxh3 26. Bxh3 Nd4 27. Rg2 d5 28. e5 dxc4 29. bxc4 Bc6 30. Ng4 Qg7 31. Kh2 Bxg2 32. Rxg2 a4 33. Rg3 b3 34. axb3 axb3 35. Bg2 Rb8 0-1

[Event "Charlesbourg Millenium"]
[Site "Charlesbourg CAN"]
[Date "2009.11.23"]
[Round "1"]
[White "Lessard, Claude"]
[Black "Gagnon, Alain"]
[Result "1-0"]
[WhiteElo "2020"]
[BlackElo "1628"]
[PlyCount "63"]
[GameId "2160767910030207"]
[EventDate "2009.11.23"]
[EventType "swiss"]
[EventRounds "5"]
[EventCountry "CAN"]
[SourceTitle "EXT 2011"]
[Source "ChessBase"]
[SourceDate "2011.11.26"]
[SourceVersion "1"]
[SourceVersionDate "2011.11.26"]
[SourceQuality "1"]

1. d4 d5 2. c4 c6 3. Nf3 Bg4 4. Ne5 Bh5 5. cxd5 Qxd5 6. Nc3 Qa5 7. Qb3 Qb6 8. Qxb6 axb6 9. d5 cxd5 10. Nxd5 Ra5 11. e4 e6 12. b4 Rxd5 13. exd5 Bxb4+ 14. Bd2 Bxd2+ 15. Kxd2 exd5 16. Rc1 Kd8 17. Bd3 Ne7 18. g4 f6 19. gxh5 fxe5 20. Rb1 e4 21. Be2 Nd7 22. Rhg1 Nf5 23. Rb5 Nf6 24. Rg5 Nd4 25. Rgxd5+ Nxd5 26. Rxd5+ Kc7 27. Rxd4 Re8 28. Ke3 Re7 29. Bg4 g6 30. hxg6 hxg6 31. Rxe4 Rxe4+ 32. Kxe4 1-0

[Event "Charlesbourg Olympiad"]
[Site "Charlesbourg CAN"]
[Date "2009.10.12"]
[Round "1"]
[White "Beaudoin, Stephane"]
[Black "Lapierre, Gaetan"]
[Result "1-0"]
[WhiteElo "2112"]
[BlackElo "1950"]
[PlyCount "67"]
[GameId "2160767910096448"]
[EventDate "2009.10.12"]
[EventType "team"]
[EventRounds "6"]
[EventCountry "CAN"]
[SourceTitle "EXT 2011"]
[Source "ChessBase"]
[SourceDate "2011.11.26"]
[SourceVersion "1"]
[SourceVersionDate "2011.11.26"]
[SourceQuality "1"]

1. e4 c5 2. Nf3 Nc6 3. d4 cxd4 4. Nxd4 Nf6 5. Nxc6 bxc6 6. Bd3 d5 7. e5 Ng4 8. Qe2 f6 9. exf6 Nxf6 10. Bg5 Qd6 11. Bxf6 Qxf6 12. c4 Qg5 13. O-O e6 14. cxd5 cxd5 15. Bb5+ Kf7 16. Nd2 Bd6 17. Nf3 Qf6 18. Rac1 Rb8 19. b3 Rd8 20. Rfe1 Bd7 21. Bxd7 Rxd7 22. Rc6 h6 23. Qd3 Kf8 24. Qh7 Rbd8 25. Qd3 Kf7 26. Nd4 e5 27. Nb5 d4 28. Qe4 Re7 29. h3 d3 30. Qxd3 e4 31. Qd5+ Kf8 32. Rxd6 Rxd6 33. Nxd6 Rd7 34. Qxe4 1-0

[Event "Charlesbourg Olympiad"]
[Site "Charlesbourg CAN"]
[Date "2009.10.12"]
[Round "1"]
[White "Chiffot, Nicolas"]
[Black "Laflamme, Simon"]
[Result "1-0"]
[WhiteElo "1946"]
[BlackElo "1906"]
[PlyCount "57"]
[GameId "2160767910096450"]
[EventDate "2009.10.12"]
[EventType "team"]
[EventRounds "6"]
[EventCountry "CAN"]
[SourceTitle "EXT 2011"]
[Source "ChessBase"]
[SourceDate "2011.11.26"]
[SourceVersion "1"]
[SourceVersionDate "2011.11.26"]
[SourceQuality "1"]

1. e4 d5 2. exd5 Qxd5 3. d4 Nf6 4. Nf3 c6 5. c4 Qa5+ 6. Bd2 Qc7 7. Qc2 Nbd7 8. Nc3 e5 9. O-O-O exd4 10. Re1+ Be7 11. Nxd4 Nc5 12. f3 O-O 13. g4 Bd6 14. Nce2 Ne6 15. Nf5 Be5 16. Bc3 Bxc3 17. Qxc3 Nf4 18. Neg3 Be6 19. Rg1 b5 20. Nxg7 Qe7 21. N7f5 Qd8 22. Rd1 b4 23. Qe5 Qb8 24. Ne7+ Kg7 25. Qg5+ Ng6 26. Nh5+ Nxh5 27. gxh5 Qc7 28. hxg6 Kh8 29. Qf6# 1-0

[Event "Charlesbourg Olympiad"]
[Site "Charlesbourg CAN"]
[Date "2009.10.12"]
[Round "1"]
[White "Lessard, Claude"]
[Black "Filiatreault, Michel"]
[Result "1-0"]
[WhiteElo "1949"]
[BlackElo "1926"]
[PlyCount "93"]
[GameId "2160767910096451"]
[EventDate "2009.10.12"]
[EventType "team"]
[EventRounds "6"]
[EventCountry "CAN"]
[SourceTitle "EXT 2011"]
[Source "ChessBase"]
[SourceDate "2011.11.26"]
[SourceVersion "1"]
[SourceVersionDate "2011.11.26"]
[SourceQuality "1"]

1. d4 d5 2. c4 c6 3. Nf3 Nf6 4. Nc3 e6 5. Bf4 Nbd7 6. e3 Be7 7. h3 O-O 8. Qc2 Nh5 9. Bh2 f5 10. cxd5 exd5 11. Bd3 g6 12. O-O-O Nhf6 13. Ne5 Ne4 14. f3 Nxc3 15. Qxc3 Nxe5 16. Bxe5 Be6 17. Kb1 Qb6 18. g4 Rac8 19. gxf5 Bxf5 20. Bxf5 Rxf5 21. e4 Rff8 22. h4 Bf6 23. h5 c5 24. hxg6 cxd4 25. gxh7+ Kh8 26. Bxf6+ Qxf6 27. Qxd4 Qxd4 28. Rxd4 dxe4 29. fxe4 Rf7 30. a3 Re8 31. Rh4 Rc7 32. Rd5 Rce7 33. Rg5 Rxh7 34. Rxh7+ Kxh7 35. Rg4 Rc8 36. Ka2 Rc7 37. Kb3 Kh6 38. Kb4 Kh5 39. Rg1 Kh6 40. b3 Rc6 41. a4 Kh7 42. e5 Re6 43. Re1 Kg7 44. Kc5 Kf7 45. Kd5 Ke7 46. a5 a6 47. Rc1 1-0

[Event "Charlesbourg Olympiad"]
[Site "Charlesbourg CAN"]
[Date "2009.10.19"]
[Round "2"]
[White "Beaudoin, Stephane"]
[Black "Caron, Sebastien"]
[Result "1/2-1/2"]
[WhiteElo "2112"]
[BlackElo "1990"]
[PlyCount "58"]
[GameId "2160767910096452"]
[EventDate "2009.10.12"]
[EventType "team"]
[EventRounds "6"]
[EventCountry "CAN"]
[SourceTitle "EXT 2011"]
[Source "ChessBase"]
[SourceDate "2011.11.26"]
[SourceVersion "1"]
[SourceVersionDate "2011.11.26"]
[SourceQuality "1"]

1. e4 c5 2. Nf3 Nc6 3. d4 cxd4 4. Nxd4 Nf6 5. Nc3 e6 6. Nxc6 bxc6 7. Bd3 Qc7 8. O-O Be7 9. Qe2 e5 10. Kh1 d6 11. f4 O-O 12. fxe5 dxe5 13. Bg5 Be6 14. Bc4 Bxc4 15. Qxc4 Rac8 16. Rf5 Ne8 17. Bxe7 Qxe7 18. Rf3 g6 19. Raf1 Kg7 20. Qe2 f6 21. Rd1 Nc7 22. Qc4 Ne6 23. Ne2 Rfd8 24. Rfd3 Rxd3 25. Rxd3 Rc7 26. b3 Nd8 27. h3 Rd7 28. Nc1 Rxd3 29. Nxd3 Qd6 1/2-1/2

[Event "Charlesbourg Olympiad"]
[Site "Charlesbourg CAN"]
[Date "2009.10.19"]
[Round "2"]
[White "Cote, Jocelyn"]
[Black "Hebert, Marc"]
[Result "1/2-1/2"]
[WhiteElo "1765"]
[BlackElo "1695"]
[PlyCount "64"]
[GameId "2160767910096453"]
[EventDate "2009.10.12"]
[EventType "team"]
[EventRounds "6"]
[EventCountry "CAN"]
[SourceTitle "EXT 2011"]
[Source "ChessBase"]
[SourceDate "2011.11.26"]
[SourceVersion "1"]
[SourceVersionDate "2011.11.26"]
[SourceQuality "1"]

1. e4 e5 2. d4 exd4 3. Nf3 Bb4+ 4. c3 dxc3 5. bxc3 Be7 6. Bc4 c6 7. O-O b5 8. Bb3 a5 9. a4 b4 10. Qd4 f6 11. Re1 Bb7 12. cxb4 axb4 13. Qc4 d5 14. exd5 cxd5 15. Qxb4 Qd7 16. Nc3 Na6 17. Qd4 Nc7 18. Ba3 Ra6 19. Re3 Re6 20. Rxe6 Nxe6 21. Qe3 Bxa3 22. Rxa3 Ne7 23. Nd4 Nxd4 24. Qxd4 O-O 25. Ra1 Kh8 26. Rd1 Rd8 27. h3 Bc6 28. Bc2 Qb7 29. Qd3 f5 30. Ne2 d4 31. f3 Qa7 32. Nf4 Bxa4 1/2-1/2

[Event "Charlesbourg Olympiad"]
[Site "Charlesbourg CAN"]
[Date "2009.10.19"]
[Round "2"]
[White "Lapierre, Gaetan"]
[Black "Perron, Jonathan"]
[Result "1/2-1/2"]
[WhiteElo "1950"]
[BlackElo "1980"]
[PlyCount "61"]
[GameId "2160767910096454"]
[EventDate "2009.10.12"]
[EventType "team"]
[EventRounds "6"]
[EventCountry "CAN"]
[SourceTitle "EXT 2011"]
[Source "ChessBase"]
[SourceDate "2011.11.26"]
[SourceVersion "1"]
[SourceVersionDate "2011.11.26"]
[SourceQuality "1"]

1. e4 c5 2. Nf3 d6 3. d4 cxd4 4. Nxd4 Nf6 5. Nc3 a6 6. Bc4 e6 7. a4 Be7 8. O-O O-O 9. Kh1 Qc7 10. Bb3 Bd7 11. f4 Nc6 12. f5 e5 13. Nde2 Nb4 14. Bg5 Bc6 15. Ng3 Kh8 16. Bxf6 Bxf6 17. Nd5 Bxd5 18. exd5 a5 19. Ne4 Qd8 20. Rf3 Rc8 21. Rh3 Na6 22. Qh5 h6 23. g4 Nc5 24. Nxc5 Rxc5 25. Rf1 b5 26. axb5 Rxb5 27. Bc4 Rxb2 28. Bd3 Rb4 29. g5 Bxg5 30. f6 Rf4 31. Qxg5 1/2-1/2

[Event "Charlesbourg Olympiad"]
[Site "Charlesbourg CAN"]
[Date "2009.10.26"]
[Round "3"]
[White "Chiffot, Nicolas"]
[Black "Filiatreault, Michel"]
[Result "1-0"]
[WhiteElo "1946"]
[BlackElo "1926"]
[PlyCount "69"]
[GameId "2160767910096456"]
[EventDate "2009.10.12"]
[EventType "team"]
[EventRounds "6"]
[EventCountry "CAN"]
[SourceTitle "EXT 2011"]
[Source "ChessBase"]
[SourceDate "2011.11.26"]
[SourceVersion "1"]
[SourceVersionDate "2011.11.26"]
[SourceQuality "1"]

1. d4 d5 2. c4 e6 3. Nc3 c5 4. cxd5 exd5 5. Nf3 Nc6 6. g3 Nf6 7. Bg2 Be7 8. O-O O-O 9. Bg5 cxd4 10. Nxd4 Nxd4 11. Qxd4 Be6 12. h3 h6 13. Bf4 Qa5 14. a3 Qc5 15. Be3 b6 16. Rfd1 Qc8 17. Rac1 Qb7 18. Nxd5 Nxd5 19. Bxd5 Bxd5 20. Qxd5 Qa6 21. Bd4 Rad8 22. Qe4 Rfe8 23. Qg4 Bf8 24. e3 Qb7 25. Bf6 Rxd1+ 26. Rxd1 Qc8 27. Qxc8 Rxc8 28. Bc3 Bc5 29. Rd7 a5 30. Kf1 Kf8 31. Rb7 g6 32. Ke2 Rc6 33. Kd3 Rd6+ 34. Kc2 Ke8 35. b4 1-0

[Event "Charlesbourg Olympiad"]
[Site "Charlesbourg CAN"]
[Date "2009.10.26"]
[Round "3"]
[White "Laflamme, Simon"]
[Black "Lessard, Claude"]
[Result "0-1"]
[WhiteElo "1906"]
[BlackElo "1949"]
[PlyCount "90"]
[GameId "2160767910096457"]
[EventDate "2009.10.12"]
[EventType "team"]
[EventRounds "6"]
[EventCountry "CAN"]
[SourceTitle "EXT 2011"]
[Source "ChessBase"]
[SourceDate "2011.11.26"]
[SourceVersion "1"]
[SourceVersionDate "2011.11.26"]
[SourceQuality "1"]

1. d4 Nf6 2. c4 e5 3. dxe5 Ng4 4. Nf3 Bc5 5. e3 Nc6 6. b3 Ngxe5 7. Nxe5 Nxe5 8. Bb2 d6 9. Bxe5 dxe5 10. Qxd8+ Kxd8 11. Be2 c6 12. O-O f5 13. Nd2 e4 14. Rad1 Ke7 15. Nb1 Be6 16. Rd2 f4 17. exf4 e3 18. Rdd1 exf2+ 19. Kh1 Rhf8 20. Nc3 Rxf4 21. Bf3 Rd8 22. Rxd8 Kxd8 23. Ne4 Be3 24. Nxf2 Rd4 25. Ne4 Bf5 26. Ng3 Bc2 27. h3 g6 28. Ne2 Rd2 29. Nc3 Kc7 30. Ne4 Bxe4 31. Bxe4 Bf2 32. Bb1 Bg3 33. Kg1 Rb2 34. Rd1 a5 35. Rf1 Kb6 36. Rd1 Kc5 37. Rf1 Kb4 38. Rd1 Ka3 39. Rc1 c5 40. Rd1 Bf2+ 41. Kh2 Bd4 42. Kg3 b6 43. Rf1 Rxb1 44. Rxb1 Kxa2 45. Rf1 Kxb3 0-1

[Event "Charlesbourg Olympiad"]
[Site "Charlesbourg CAN"]
[Date "2009.10.26"]
[Round "3"]
[White "Perron, Jonathan"]
[Black "Beaudoin, Stephane"]
[Result "0-1"]
[WhiteElo "1980"]
[BlackElo "2112"]
[PlyCount "70"]
[GameId "2160767910096458"]
[EventDate "2009.10.12"]
[EventType "team"]
[EventRounds "6"]
[EventCountry "CAN"]
[SourceTitle "EXT 2011"]
[Source "ChessBase"]
[SourceDate "2011.11.26"]
[SourceVersion "1"]
[SourceVersionDate "2011.11.26"]
[SourceQuality "1"]

1. e4 g6 2. d4 d6 3. Nc3 Bg7 4. Nf3 Nf6 5. Be2 O-O 6. O-O a6 7. h3 b5 8. e5 Nfd7 9. exd6 cxd6 10. Be3 Nf6 11. Nd2 Bb7 12. Bf3 Bxf3 13. Qxf3 Nbd7 14. Rfe1 Rc8 15. Rac1 Nb6 16. Qb7 b4 17. Ne2 Nfd5 18. a3 a5 19. c4 bxc3 20. Nxc3 Nxe3 21. fxe3 Nd7 22. b3 e5 23. Nb5 Rb8 24. Qc6 exd4 25. exd4 Rb6 26. Qc4 Qg5 27. Nxd6 Qxd2 28. Red1 Qf4 29. Nc8 Rb8 30. Ne7+ Kh8 31. Qd5 Nf6 32. Qxa5 Rxb3 33. Nc6 Ne4 34. Qd5 Qf2+ 35. Kh1 Rxh3+ 0-1

[Event "Charlesbourg Olympiad"]
[Site "Charlesbourg CAN"]
[Date "2009.11.02"]
[Round "4"]
[White "Filiatreault, Michel"]
[Black "Lessard, Claude"]
[Result "0-1"]
[WhiteElo "1926"]
[BlackElo "1949"]
[PlyCount "52"]
[GameId "2160767910096459"]
[EventDate "2009.10.12"]
[EventType "team"]
[EventRounds "6"]
[EventCountry "CAN"]
[SourceTitle "EXT 2011"]
[Source "ChessBase"]
[SourceDate "2011.11.26"]
[SourceVersion "1"]
[SourceVersionDate "2011.11.26"]
[SourceQuality "1"]

1. d4 Nf6 2. c4 c5 3. Nf3 g6 4. Nc3 Bg7 5. d5 d6 6. e4 O-O 7. Be2 b5 8. cxb5 a6 9. O-O Nbd7 10. Re1 axb5 11. Bxb5 Ba6 12. Bxa6 Rxa6 13. Qc2 Qa8 14. b3 Rb8 15. Bb2 Ng4 16. a4 c4 17. bxc4 Nc5 18. Nb5 Bxb2 19. Qxb2 Nd3 20. Qd4 Nxe1 21. Nc7 Nxf3+ 22. gxf3 Ne5 23. Qc3 Qb7 24. Nxa6 Qxa6 25. c5 Qe2 26. Kg2 Nd3 0-1

[Event "Charlesbourg Olympiad"]
[Site "Charlesbourg CAN"]
[Date "2009.11.02"]
[Round "4"]
[White "Hebert, Marc"]
[Black "Cote, Jocelyn"]
[Result "1/2-1/2"]
[WhiteElo "1695"]
[BlackElo "1765"]
[PlyCount "98"]
[GameId "2160767910096460"]
[EventDate "2009.10.12"]
[EventType "team"]
[EventRounds "6"]
[EventCountry "CAN"]
[SourceTitle "EXT 2011"]
[Source "ChessBase"]
[SourceDate "2011.11.26"]
[SourceVersion "1"]
[SourceVersionDate "2011.11.26"]
[SourceQuality "1"]

1. e4 d6 2. d4 Nd7 3. Nc3 e5 4. Nf3 Ngf6 5. Bc4 Be7 6. Bg5 O-O 7. Qd2 exd4 8. Bxf6 Bxf6 9. Nxd4 Nb6 10. Be2 c6 11. O-O-O d5 12. exd5 Nxd5 13. Nxd5 Qxd5 14. Kb1 Qc5 15. Qd3 Qb6 16. Qc4 Be6 17. Qa4 Rfd8 18. c3 Bd7 19. Qb3 Qc7 20. Bc4 Be8 21. Nf3 b5 22. Bd3 Rab8 23. Qc2 h6 24. Be4 Bd7 25. Bf5 Be8 26. Rxd8 Rxd8 27. Rd1 Rb8 28. Re1 c5 29. Qe4 Bc6 30. Qg4 Rd8 31. Bc2 Bd7 32. Qe4 g6 33. Qe3 Kg7 34. h3 Be6 35. Rd1 Rb8 36. Nd2 c4 37. Ne4 Be7 38. Qg3 Qb6 39. Qe5+ f6 40. Qd4 Qc7 41. g4 Rd8 42. Qe3 Rxd1+ 43. Bxd1 b4 44. cxb4 Bxb4 45. Qd4 Qe7 46. f4 Kf7 47. a3 Be1 48. Bf3 Bh4 49. Nc5 Kf8 1/2-1/2